| 000 | 00611nam a2200157 a 4500 | ||
|---|---|---|---|
| 008 | 120416s1979 ||||||||||||||||| || u | ||
| 050 | _aHD 4140.5 Maz | ||
| 100 | _aMazzolini, Renato | ||
| 245 | 1 | 0 | _aGovernment controlled enterprises: international strategic and policy decisions |
| 260 |
_aNew York _bJohn Wiley and Sons _c1979 |
||
| 300 | _axxiv, 400p : ill. | ||
| 350 | _a0.00 | ||
| 650 | 0 | _aGOVERNMENT BUSINESS ENTERPRISES | |
| 650 | 0 | _aBUSINESS | |
| 995 |
_D0.00 _FCBU-MAIN LIBRARY (Kitwe) _H1 _I0.00 _M1 _UAVAILABLE _ZAnnex Low-Usage Collection |
||
| 999 |
_c44844 _d44844 |
||